| 000 | 00853nam a22002057a 4500 | ||
|---|---|---|---|
| 003 | 0 | ||
| 005 | 20250120105524.0 | ||
| 008 | 250120b xxu||||| |||| 00| 0 eng d | ||
| 050 |
_aLB 2395.7 _b.Ev92 2023 |
||
| 100 | _aEvangelista, Alani S. | ||
| 245 |
_aApps used by SMCB, Inc, college students and faculty _bbasis for enhansing online, onsite, and blended pedagogy _cAlani S. Evangelista |
||
| 260 |
_aLas Pinas City _bSouthville International School and Colleges _c2023 |
||
| 300 |
_axix, 143 pages _billustrations ; _c29cm. |
||
| 504 | _aIncludes bibliographical references and appendices. | ||
| 610 | _aSt. Mary's College of Baliuag, Inc.--Online learning—Higher education.. | ||
| 650 | _aMobile apps—Educational use. | ||
| 650 | _aOnline learning—Higher education. | ||
| 650 | _aTeaching—Technological innovations. | ||
| 942 |
_2lcc _cTH |
||
| 999 |
_c367018 _d367018 |
||